[Event "Suecia ch 2007 Junior-SM"]
[Site "Stockholm SWE"]
[Date "2007.07.02"]
[Round "3"]
[White "Andersson, Alexis"]
[Black "Vas, Peter"]
[Result "0-1"]
[PlyCount "58"]
[EventDate "2007.06.30"]
[EventType "tourn"]
[EventRounds "13"]
[EventCountry "SWE"]
[Source "lmi"]
[SourceDate "2007.06.30"]
[WhiteElo "2055"]
[BlackElo "2166"]

1. Nf3 d5 2. d4 c6 3. c4 e6 4. Nc3 dxc4 5. e3 b5 6. a4 Bb4 7. Be2 Bb7 8. O-O a6
9. axb5 cxb5 10. Qc2 Nf6 11. Ng5 h6 12. Nh3 Nc6 13. f4 Ne7 14. Nf2 Nf5 15. g4
Nh4 16. Nfd1 Qd7 17. Kf2 Qc6 18. Rg1 Rd8 19. Kg3 Ng6 20. h4 Ne7 21. Nf2 h5 22.
Qd1 hxg4 23. Bxg4 Nxg4 24. Qxg4 Nf5+ 25. Kh3 Rxh4+ 26. Qxh4 Nxh4 27. Kxh4 Be7+
28. Kh5 Qf3+ 29. Ng4 Qh3# 0-1

[Event "Suecia ch 2007 Junior-SM"]
[Site "Stockholm SWE"]
[Date "2007.07.02"]
[Round "3"]
[White "Zadruzny, Nicolaj"]
[Black "Grandelius, Nils"]
[Result "0-1"]
[PlyCount "54"]
[EventDate "2007.06.30"]
[EventType "tourn"]
[EventRounds "13"]
[EventCountry "SWE"]
[Source "lmi"]
[SourceDate "2007.06.30"]
[WhiteElo "2209"]
[BlackElo "2271"]

1. e4 c5 2. Nf3 d6 3. d4 Nf6 4. Nc3 cxd4 5. Nxd4 a6 6. Bg5 e6 7. f4 Be7 8. Qf3
Qc7 9. O-O-O Nbd7 10. Bd3 h6 11. Bh4 g5 12. fxg5 Ne5 13. Qe2 Nfg4 14. Nf3 hxg5
15. Bg3 Bd7 16. Rdf1 Qc5 17. Kb1 Rh7 18. h3 Nxf3 19. e5 Nfxe5 20. Bxh7 Ne3 21.
Ne4 Nxf1 22. Qxf1 Qd5 23. Qc1 f5 24. Nxg5 O-O-O 25. h4 Nc4 26. Rd1 Qxg2 27. Qf4
Qc6 0-1

[Event "Suecia ch 2007 Junior-SM"]
[Site "Stockholm SWE"]
[Date "2007.07.02"]
[Round "3"]
[White "Agrest, Inna"]
[Black "Lissang, Christopher"]
[Result "1-0"]
[PlyCount "69"]
[EventDate "2007.06.30"]
[EventType "tourn"]
[EventRounds "13"]
[EventCountry "SWE"]
[Source "lmi"]
[SourceDate "2007.06.30"]
[WhiteElo "2085"]
[BlackElo "2053"]

1. e4 c5 2. Nf3 d6 3. d4 cxd4 4. Nxd4 Nf6 5. Nc3 a6 6. Bg5 e6 7. f4 Nbd7 8. Qf3
Qc7 9. O-O-O b5 10. Bd3 Bb7 11. Rhe1 Qb6 12. Nd5 Qxd4 13. Bxf6 gxf6 14. Bxb5
Qc5 15. Nxf6+ Kd8 16. Nxd7 Qxb5 17. Nxf8 Rxf8 18. Qa3 Ke8 19. Qxd6 Qc6 20. Qa3
Rg8 21. g3 Rd8 22. f5 Rxd1+ 23. Rxd1 exf5 24. exf5 Rg4 25. Qe3+ Re4 26. Qg5 Qb6
27. Qg8+ Ke7 28. f6+ Kxf6 29. Rf1+ Ke5 30. Qe8+ Kd4 31. Qd7+ Kc4 32. Qd3+ Kb4
33. c3+ Ka4 34. Qc2+ Ka5 35. Rf5+ 1-0

[Event "Suecia ch 2007 SM-gruppen"]
[Site "Stockholm SWE"]
[Date "2007.07.03"]
[Round "4"]
[White "Akesson, Ralf"]
[Black "Carlsson, Pontus"]
[Result "1/2-1/2"]
[PlyCount "31"]
[EventDate "2007.06.30"]
[EventType "tourn"]
[EventRounds "13"]
[EventCountry "SWE"]
[Source "lmi"]
[SourceDate "2007.06.30"]
[WhiteElo "2477"]
[BlackElo "2480"]

1. Nf3 Nf6 2. c4 c5 3. Nc3 e6 4. g3 b6 5. Bg2 Bb7 6. O-O Be7 7. d4 cxd4 8. Qxd4
d6 9. Rd1 a6 10. b3 Nbd7 11. e4 Qc7 12. Ba3 Nc5 13. e5 dxe5 14. Qxe5 Rc8 15.
Qxc7 Rxc7 16. Bxc5 1/2-1/2

[Event "Suecia ch 2007 SM-gruppen"]
[Site "Stockholm SWE"]
[Date "2007.07.03"]
[Round "4"]
[White "Hillarp Persson, Tiger"]
[Black "Brynell, Stellan"]
[Result "1-0"]
[PlyCount "71"]
[EventDate "2007.06.30"]
[EventType "tourn"]
[EventRounds "13"]
[EventCountry "SWE"]
[Source "lmi"]
[SourceDate "2007.06.30"]
[WhiteElo "2567"]
[BlackElo "2459"]

1. c4 c5 2. Nc3 Nc6 3. Nf3 Nf6 4. g3 g6 5. Bg2 Bg7 6. O-O O-O 7. d4 cxd4 8.
Nxd4 Nxd4 9. Qxd4 d6 10. Qd3 a6 11. Bd2 Rb8 12. Rac1 Nd7 13. b3 Nc5 14. Qe3 Bd7
15. Nd5 e6 16. Nb4 a5 17. Nd3 Qc7 18. Rfd1 Rfd8 19. h4 Nxd3 20. Qxd3 Bc6 21. h5
Bxg2 22. Kxg2 b6 23. Bc3 Qc5 24. Bxg7 Kxg7 25. Qc3+ Qe5 26. Rd4 Qxh5 27. Rxd6+
Kg8 28. Qd2 Rxd6 29. Qxd6 Ra8 30. Qxb6 Qxe2 31. c5 Qd2 32. Qb7 Rd8 33. Rc4 Rd5
34. Rf4 f5 35. c6 Rc5 36. Qb8+ 1-0

[Event "Suecia ch 2007 SM-gruppen"]
[Site "Stockholm SWE"]
[Date "2007.07.03"]
[Round "4"]
[White "Cramling, Pia"]
[Black "Lindberg, Bosse"]
[Result "0-1"]
[PlyCount "78"]
[EventDate "2007.06.30"]
[EventType "tourn"]
[EventRounds "13"]
[EventCountry "SWE"]
[Source "lmi"]
[SourceDate "2007.06.30"]
[WhiteElo "2533"]
[BlackElo "2361"]

1. d4 Nf6 2. Nf3 e6 3. c4 b6 4. e3 Bb7 5. Bd3 d5 6. O-O Bd6 7. b3 O-O 8. Bb2
Qe7 9. Nc3 a6 10. Rc1 Nbd7 11. Na4 dxc4 12. bxc4 c5 13. Ne5 Bc7 14. f4 Rfd8 15.
Qe2 Ne4 16. Rcd1 f6 17. Nxd7 Rxd7 18. Qc2 f5 19. Qb3 Rb8 20. Be2 b5 21. cxb5
Bd5 22. Qc2 cxd4 23. b6 Bxb6 24. Nxb6 Rxb6 25. Bxd4 Rc6 26. Qb2 Rb7 27. Qa1 Rc2
28. Bf3 Rxa2 29. Qc1 Rc7 30. Qb1 Rcc2 31. Rc1 Qc7 32. Be5 Qc8 33. Rxc2 Rxc2 34.
Qb8 Qxb8 35. Bxb8 Nc3 36. Be5 Bxf3 37. gxf3 Ne2+ 38. Kf2 Nxf4+ 39. Kg3 Rg2+ 0-1

[Event "Suecia ch 2007 SM-gruppen"]
[Site "Stockholm SWE"]
[Date "2007.07.03"]
[Round "4"]
[White "Johansson, Jan"]
[Black "Hamark, Jesper"]
[Result "1/2-1/2"]
[PlyCount "79"]
[EventDate "2007.06.30"]
[EventType "tourn"]
[EventRounds "13"]
[EventCountry "SWE"]
[Source "lmi"]
[SourceDate "2007.06.30"]
[WhiteElo "2441"]
[BlackElo "2289"]

1. d4 d5 2. c4 e6 3. Nc3 Nf6 4. Nf3 Be7 5. Bg5 h6 6. Bxf6 Bxf6 7. Qd2 O-O 8. e3
dxc4 9. Bxc4 Nd7 10. O-O c5 11. Rad1 cxd4 12. Nxd4 Nb6 13. Be2 Bd7 14. Bf3 Qb8
15. Ne4 Be7 16. Qa5 Rd8 17. Nc5 Nc4 18. Nxd7 Nxa5 19. Nxb8 Raxb8 20. Rc1 Rbc8
21. g3 e5 22. Nb5 a6 23. Nc3 Bf8 24. Rfd1 b5 25. Nd5 Rxc1 26. Rxc1 Nc4 27. Rc2
f5 28. Nc7 e4 29. Be2 Ne5 30. Ne6 Rd6 31. Nd4 g6 32. Kg2 Bg7 33. Rc8+ Kh7 34.
Rc7 h5 35. b3 Kh6 36. a4 bxa4 37. bxa4 Nd3 38. Rc6 Rxc6 39. Nxc6 Nc5 40. Nb4
1/2-1/2

[Event "Suecia ch 2007 SM-gruppen"]
[Site "Stockholm SWE"]
[Date "2007.07.03"]
[Round "4"]
[White "Karlsson, Lars"]
[Black "Lindberg, Bengt"]
[Result "0-1"]
[PlyCount "154"]
[EventDate "2007.06.30"]
[EventType "tourn"]
[EventRounds "13"]
[EventCountry "SWE"]
[Source "lmi"]
[SourceDate "2007.06.30"]
[WhiteElo "2493"]
[BlackElo "2443"]

1. b3 e5 2. Bb2 Nc6 3. e3 d5 4. Bb5 Bd6 5. f4 Qh4+ 6. g3 Qe7 7. Nf3 f6 8. Nc3
Qf7 9. e4 d4 10. Nd5 Nge7 11. fxe5 fxe5 12. O-O Qh5 13. Be2 Qh6 14. d3 O-O 15.
Bc1 Qg6 16. Ng5 Rxf1+ 17. Kxf1 Nxd5 18. exd5 Ne7 19. Bh5 Qf5+ 20. Kg2 h6 21. g4
Qf6 22. Ne4 Qf8 23. g5 Nxd5 24. Bg4 hxg5 25. Bxg5 Be7 26. Bd2 Qf7 27. Bxc8 Rxc8
28. Qf3 Qxf3+ 29. Kxf3 Kf7 30. Rf1 Ke6 31. Rg1 Rf8+ 32. Ke2 Rh8 33. Rg6+ Kf7
34. Rg2 b6 35. a4 Bf6 36. Rf2 Ke6 37. Rg2 Ne7 38. Rf2 Nf5 39. Rg2 Nd6 40. Be1
Kd5 41. c4+ dxc3 42. Nxc3+ Ke6 43. Kf3 Nf5 44. Ke4 Rh3 45. Bg3 c6 46. Ne2 g5
47. Rf2 Ne7 48. Ng1 Rh5 49. Ne2 Nc8 50. Kf3 Rh7 51. Nc3 Rd7 52. Ne4 Be7 53. Ke3
Nd6 54. Nxd6 Bxd6 55. Rc2 Bc5+ 56. Ke2 Kd5 57. Rc4 Bd4 58. Kf3 Rf7+ 59. Ke2 c5
60. Rc1 e4 61. dxe4+ Kxe4 62. a5 bxa5 63. Re1 Rb7 64. Kd2+ Kd5 65. Kc2 a4 66.
bxa4 Rb2+ 67. Kd1 Ra2 68. Re8 Kc4 69. Ke1 Kd3 70. Kf1 c4 71. Rg8 c3 72. Rxg5
Be3 73. Rd5+ Kc4 74. Rd8 c2 75. Rc8+ Kd5 76. Rd8+ Ke6 77. Re8+ Kd7 0-1

[Event "Suecia ch 2007 SM-gruppen"]
[Site "Stockholm SWE"]
[Date "2007.07.03"]
[Round "4"]
[White "Smith, Axel"]
[Black "Furhoff, Johan"]
[Result "1-0"]
[PlyCount "91"]
[EventDate "2007.06.30"]
[EventType "tourn"]
[EventRounds "13"]
[EventCountry "SWE"]
[Source "lmi"]
[SourceDate "2007.06.30"]
[WhiteElo "2284"]
[BlackElo "2397"]

1. e4 e5 2. Nf3 Nc6 3. Bb5 a6 4. Ba4 d6 5. c3 f5 6. exf5 Bxf5 7. O-O Bd3 8. Re1
Be7 9. Bc2 e4 10. Bxd3 exd3 11. Re3 Nh6 12. Rxd3 O-O 13. Re3 Ng4 14. Re4 Qd7
15. d4 d5 16. Re1 Bd6 17. Nbd2 Qf5 18. Nf1 Qh5 19. Be3 Rae8 20. h3 Nf6 21. Ng3
Bxg3 22. fxg3 Ne4 23. Bf4 Qf7 24. Qc2 h6 25. Rf1 g5 26. Be5 Qh7 27. g4 Nxe5 28.
Nxe5 Ng3 29. Qxh7+ Kxh7 30. Rxf8 Rxf8 31. Re1 Kg7 32. Nd7 Rf7 33. Nc5 c6 34.
Re3 Ne4 35. Nxe4 dxe4 36. Rxe4 Rc7 37. Re6 b5 38. b4 a5 39. bxa5 Ra7 40. Rxc6
Rxa5 41. Rc5 Ra3 42. d5 Kf6 43. Rxb5 Rxc3 44. Rb6+ Ke5 45. Rxh6 Kxd5 46. Rg6
1-0

[Event "Suecia ch 2007 Mästare Elit"]
[Site "Stockholm SWE"]
[Date "2007.07.03"]
[Round "4"]
[White "Marttala, Thomas"]
[Black "Hedman, Erik"]
[Result "1/2-1/2"]
[PlyCount "56"]
[EventDate "2007.06.30"]
[EventType "tourn"]
[EventRounds "13"]
[EventCountry "SWE"]
[Source "lmi"]
[SourceDate "2007.06.30"]
[WhiteElo "2271"]
[BlackElo "2346"]

1. Nf3 Nf6 2. c4 e6 3. g3 d5 4. Bg2 Be7 5. O-O O-O 6. d4 c6 7. Nc3 Nbd7 8. Qb3
a5 9. cxd5 exd5 10. Bf4 Nb6 11. Ne5 Ne8 12. Nd3 Bf6 13. Ne5 Bf5 14. Rfe1 Nd6
15. g4 Be6 16. h3 h5 17. gxh5 Nf5 18. Qd1 Bxe5 19. dxe5 Nh4 20. Bf1 f6 21. Qd4
c5 22. Qxc5 fxe5 23. Bxe5 Nd7 24. Qe3 Nf5 25. Qf4 Nh4 26. Qe3 Nf5 27. Qf4 Nh4
28. Qe3 Nf5 1/2-1/2

[Event "Suecia ch 2007 Mästare Elit"]
[Site "Stockholm SWE"]
[Date "2007.07.03"]
[Round "4"]
[White "Welin, Mats"]
[Black "Logdahl, Harald"]
[Result "1/2-1/2"]
[PlyCount "79"]
[EventDate "2007.06.30"]
[EventType "tourn"]
[EventRounds "13"]
[EventCountry "SWE"]
[Source "lmi"]
[SourceDate "2007.06.30"]
[WhiteElo "2195"]
[BlackElo "2250"]

1. e4 Nf6 2. e5 Nd5 3. d4 d6 4. c4 Nb6 5. exd6 cxd6 6. Nc3 g6 7. Be3 Bg7 8. Rc1
O-O 9. b3 e5 10. dxe5 dxe5 11. Qxd8 Rxd8 12. c5 N6d7 13. Nf3 Nc6 14. Bc4 h6 15.
Ne4 Nf8 16. Nd6 Rd7 17. O-O Re7 18. Nxc8 Rxc8 19. Nd2 Ne6 20. Ne4 a6 21. Rfd1
Ncd4 22. b4 Kf8 23. f3 f5 24. Nc3 Rd8 25. Rd3 Red7 26. Kf1 Ke7 27. Na4 e4 28.
Rdd1 exf3 29. Nb6 f4 30. Bxd4 fxg2+ 31. Kxg2 Nxd4 32. Nxd7 Rxd7 33. Bd3 g5 34.
h3 Be5 35. Be4 Kf6 36. Rd3 h5 37. Bf3 g4 38. hxg4 hxg4 39. Bxg4 Rg7 40. Rxd4
1/2-1/2

[Event "Suecia ch 2007 Mästare Elit"]
[Site "Stockholm SWE"]
[Date "2007.07.03"]
[Round "4"]
[White "Semcesen, Daniel"]
[Black "Glimbrant, Torbjorn"]
[Result "0-1"]
[PlyCount "38"]
[EventDate "2007.06.30"]
[EventType "tourn"]
[EventRounds "13"]
[EventCountry "SWE"]
[Source "lmi"]
[SourceDate "2007.06.30"]
[WhiteElo "2348"]
[BlackElo "2282"]

1. d4 Nf6 2. c4 g6 3. g3 c6 4. Bg2 d5 5. cxd5 cxd5 6. Nc3 Bg7 7. Nf3 O-O 8. Ne5
e6 9. O-O Nc6 10. Nxc6 bxc6 11. Na4 Nd7 12. Bf4 Ba6 13. Bd6 Re8 14. Nc5 Nxc5
15. Bxc5 e5 16. dxe5 Bxe5 17. Qd2 Qf6 18. Rab1 Rab8 19. Ba3 Bc4 0-1

[Event "Suecia ch 2007 Mästare Elit"]
[Site "Stockholm SWE"]
[Date "2007.07.03"]
[Round "4"]
[White "Johansson, Gunnar"]
[Black "Janse, Love"]
[Result "1/2-1/2"]
[PlyCount "44"]
[EventDate "2007.06.30"]
[EventType "tourn"]
[EventRounds "13"]
[EventCountry "SWE"]
[Source "lmi"]
[SourceDate "2007.06.30"]
[WhiteElo "2272"]
[BlackElo "2090"]

1. d4 f5 2. c4 Nf6 3. g3 g6 4. Bg2 d6 5. Nc3 Bg7 6. d5 Na6 7. Nh3 Nc5 8. O-O e5
9. dxe6 Bxe6 10. Ng5 Bxc4 11. Bxb7 Nxb7 12. Qa4+ Qd7 13. Qxc4 d5 14. Qb3 c6 15.
Qa3 Bf8 16. Qa4 Bd6 17. Bf4 O-O 18. Bxd6 Qxd6 19. Nf3 Nc5 20. Qa3 Nb7 21. Qa4
Nc5 22. Qa3 Nb7 1/2-1/2

[Event "Suecia ch 2007 Mästare Elit"]
[Site "Stockholm SWE"]
[Date "2007.07.03"]
[Round "4"]
[White "Nilsson, Sebastian"]
[Black "Couso, Luis"]
[Result "1/2-1/2"]
[PlyCount "83"]
[EventDate "2007.06.30"]
[EventType "tourn"]
[EventRounds "13"]
[EventCountry "SWE"]
[Source "lmi"]
[SourceDate "2007.06.30"]
[WhiteElo "2218"]
[BlackElo "2358"]

1. e4 c5 2. Nf3 e6 3. d4 cxd4 4. Nxd4 Nc6 5. Nb5 d6 6. c4 Nf6 7. N1c3 a6 8. Na3
Be7 9. Be2 O-O 10. O-O e5 11. Be3 Be6 12. f3 Ne8 13. Qd2 h6 14. Nc2 Bg5 15.
Bxg5 hxg5 16. Rab1 Rc8 17. Rfd1 g6 18. b4 Rc7 19. b5 Nb8 20. Ne3 Nd7 21. Ned5
Rc8 22. Na4 Bxd5 23. cxd5 Nb6 24. Nxb6 Qxb6+ 25. Kf1 a5 26. Rdc1 Nf6 27. Qxg5
Kg7 28. Rxc8 Rxc8 29. Rc1 Rc5 30. Qd2 Nd7 31. Rxc5 Nxc5 32. g3 Qc7 33. Qc3 b6
34. Kg2 Qd8 35. Qe3 Qc8 36. Qc1 f6 37. h4 Qh8 38. Qe3 Qh6 39. Qxh6+ Kxh6 40.
Kf2 g5 41. hxg5+ fxg5 42. g4 1/2-1/2

[Event "Suecia ch 2007 Mästare Elit"]
[Site "Stockholm SWE"]
[Date "2007.07.03"]
[Round "4"]
[White "Akesson, Joel"]
[Black "Rosberg, Simon"]
[Result "1/2-1/2"]
[PlyCount "68"]
[EventDate "2007.06.30"]
[EventType "tourn"]
[EventRounds "13"]
[EventCountry "SWE"]
[Source "lmi"]
[SourceDate "2007.06.30"]
[WhiteElo "2326"]
[BlackElo "2205"]

1. d4 e6 2. e4 d5 3. Nd2 dxe4 4. Nxe4 Bd7 5. Nf3 Bc6 6. Bd3 Nd7 7. O-O Ngf6 8.
Ng3 Bxf3 9. Qxf3 c6 10. Re1 Be7 11. c3 O-O 12. Nh5 Re8 13. Bf4 Nf8 14. Rad1 Qd5
15. Qxd5 exd5 16. Ng3 Ne6 17. Bc1 Bd6 18. Nf5 Bc7 19. g3 g6 20. Nh4 Nd7 21. Nf3
f6 22. Bf1 Kf7 23. Bh3 Re7 24. Re2 Rae8 25. Rde1 Nef8 26. Kf1 Rxe2 27. Rxe2
Rxe2 28. Kxe2 Ne6 29. Kd3 f5 30. Ng5+ Nxg5 31. Bxg5 Nf6 32. f3 h5 33. Bxf6 Kxf6
34. f4 h4 1/2-1/2

[Event "Suecia ch 2007 Mästare Elit"]
[Site "Stockholm SWE"]
[Date "2007.07.03"]
[Round "4"]
[White "Tikkanen, Hans"]
[Black "Wademark, Helge"]
[Result "1-0"]
[PlyCount "59"]
[EventDate "2007.06.30"]
[EventType "tourn"]
[EventRounds "13"]
[EventCountry "SWE"]
[Source "lmi"]
[SourceDate "2007.06.30"]
[WhiteElo "2394"]
[BlackElo "2153"]

1. d4 d5 2. c4 c6 3. Nf3 Nf6 4. Nc3 dxc4 5. a4 Na6 6. e4 Bg4 7. Bxc4 e6 8. Be3
Nb4 9. a5 Be7 10. Qd2 Bxf3 11. gxf3 O-O 12. Rg1 Kh8 13. Ke2 b5 14. Bb3 a6 15.
Na2 Nxa2 16. Bxa2 Nd7 17. f4 c5 18. dxc5 e5 19. b4 Qc7 20. f5 Rad8 21. Qc3 Nf6
22. f3 Nh5 23. Rad1 Bf6 24. Rxd8 Rxd8 25. Rd1 Nf4+ 26. Bxf4 Rxd1 27. Kxd1 exf4
28. Qb3 Qe5 29. Qd5 Qc7 30. Ke2 1-0

[Event "Suecia ch 2007 Junior-SM"]
[Site "Stockholm SWE"]
[Date "2007.07.03"]
[Round "4"]
[White "Kockum, Anton Frisk"]
[Black "Wickstrom, Lucas"]
[Result "1-0"]
[PlyCount "77"]
[EventDate "2007.06.30"]
[EventType "tourn"]
[EventRounds "13"]
[EventCountry "SWE"]
[Source "lmi"]
[SourceDate "2007.06.30"]
[WhiteElo "2200"]
[BlackElo "2139"]

1. d4 Nf6 2. Nf3 e6 3. c4 c5 4. d5 b5 5. Bg5 exd5 6. cxd5 d6 7. e4 a6 8. a4 Be7
9. Bxf6 Bxf6 10. Qc2 O-O 11. axb5 Bb7 12. Nbd2 Re8 13. Be2 Qe7 14. Qb3 c4 15.
Qb4 Bxd5 16. O-O Bxe4 17. Nxe4 Qxe4 18. Bxc4 Qb7 19. Qb3 Ra7 20. b6 Ra8 21. Bd5
Nc6 22. Qa4 Rac8 23. Rac1 Qxb6 24. Rxc6 Rxc6 25. Qxc6 Qxc6 26. Bxc6 Rb8 27. Rb1
Bxb2 28. Ne1 Rb6 29. Bd5 a5 30. Nd3 Bd4 31. Rxb6 Bxb6 32. Kf1 Kf8 33. Ke2 Ke7
34. Kd2 f5 35. Kc3 g5 36. Kc4 Kd7 37. Kb5 Kc7 38. f4 h6 39. Be6 1-0

[Event "Suecia ch 2007 Junior-SM"]
[Site "Stockholm SWE"]
[Date "2007.07.03"]
[Round "4"]
[White "Grandelius, Nils"]
[Black "De Verdier, Michael"]
[Result "1/2-1/2"]
[PlyCount "84"]
[EventDate "2007.06.30"]
[EventType "tourn"]
[EventRounds "13"]
[EventCountry "SWE"]
[Source "lmi"]
[SourceDate "2007.06.30"]
[WhiteElo "2271"]
[BlackElo "2123"]

1. e4 c6 2. d4 d5 3. Nd2 dxe4 4. Nxe4 Nf6 5. Nxf6+ gxf6 6. c3 Qd5 7. Ne2 e5 8.
Ng3 Be6 9. Be3 Nd7 10. f4 exd4 11. Qxd4 Bc5 12. Qxd5 Bxd5 13. Bxc5 Nxc5 14. c4
Be6 15. f5 Bd7 16. Be2 O-O-O 17. O-O Rde8 18. Bh5 Re7 19. Rad1 Kc7 20. Rd4 Rhe8
21. Bf3 Re3 22. Rh4 Rh8 23. Bh5 Nd3 24. b3 Re7 25. Ne4 Re5 26. Ng3 Re7 27. Rg4
Nb4 28. a4 Nd3 29. Rg7 Nc5 30. b4 Nd3 31. Rb1 Ne5 32. c5 Nd3 33. Rxf7 Rxf7 34.
Bxf7 a5 35. Bc4 Nxb4 36. Re1 Kd8 37. Rd1 Ke7 38. Ne4 Bxf5 39. Nd6 Bc2 40. Re1+
Kd7 41. Nxb7 Bxa4 42. Nxa5 Ra8 1/2-1/2

[Event "Suecia ch 2007 Junior-SM"]
[Site "Stockholm SWE"]
[Date "2007.07.03"]
[Round "4"]
[White "Vas, Peter"]
[Black "Zadruzny, Nicolaj"]
[Result "1/2-1/2"]
[PlyCount "93"]
[EventDate "2007.06.30"]
[EventType "tourn"]
[EventRounds "13"]
[EventCountry "SWE"]
[Source "lmi"]
[SourceDate "2007.06.30"]
[WhiteElo "2166"]
[BlackElo "2209"]

1. e4 c5 2. Nf3 Nc6 3. d4 cxd4 4. Nxd4 Nf6 5. Nc3 g6 6. Be3 Bg7 7. Be2 O-O 8.
Nb3 a5 9. a4 Nb4 10. O-O d5 11. e5 Ne8 12. f4 f6 13. Bf3 fxe5 14. fxe5 Nc7 15.
Bc5 Bxe5 16. Bxb4 axb4 17. Nxd5 Qd6 18. Nxc7 Bxh2+ 19. Kh1 Qxd1 20. Raxd1 Bxc7
21. Nc5 Ra5 22. Bd5+ Kg7 23. Rxf8 Kxf8 24. Nxb7 Rxa4 25. Nc5 Ra5 26. Ne6+ Bxe6
27. Bxe6 Re5 28. Bc4 Kg7 29. Kg1 Rf5 30. Rf1 Be5 31. Rxf5 gxf5 32. c3 bxc3 33.
bxc3 Bxc3 34. Kf2 e5 35. Bd3 Kf6 36. Be2 Kg5 37. Bd3 e4 38. Bc2 e3+ 39. Kf1 Kf4
40. Bd1 Kg3 41. Bb3 h5 42. Be6 Kf4 43. Ke2 h4 44. Bd7 Ke5 45. Bc8 f4 46. Bg4
Bb4 47. Kf1 1/2-1/2

[Event "Suecia ch 2007 Junior-SM"]
[Site "Stockholm SWE"]
[Date "2007.07.03"]
[Round "4"]
[White "Blomqvist, Erik"]
[Black "Andersson, Alexis"]
[Result "1-0"]
[PlyCount "59"]
[EventDate "2007.06.30"]
[EventType "tourn"]
[EventRounds "13"]
[EventCountry "SWE"]
[Source "lmi"]
[SourceDate "2007.06.30"]
[WhiteElo "2313"]
[BlackElo "2055"]

1. e4 c5 2. Nf3 d6 3. d4 cxd4 4. Nxd4 Nf6 5. Nc3 a6 6. Bg5 e6 7. f4 Qc7 8. Bxf6
gxf6 9. Qd2 Nc6 10. O-O-O Qb6 11. Nxc6 bxc6 12. Bc4 Be7 13. Rhe1 O-O 14. f5 Kh8
15. Qh6 Rg8 16. Rd3 Rb8 17. Nd1 Bf8 18. Qh5 Qc7 19. Rh3 h6 20. fxe6 fxe6 21.
Rf1 Rg5 22. Qe8 Qg7 23. Bxe6 Bxe6 24. Qxe6 Rxg2 25. a3 Qg5+ 26. Kb1 Qd2 27. Rg3
Bg7 28. Rg1 Qd4 29. b4 Rb7 30. Qc8+ 1-0

[Event "Suecia ch 2007 Junior-SM"]
[Site "Stockholm SWE"]
[Date "2007.07.03"]
[Round "4"]
[White "Nithander, Victor"]
[Black "Lissang, Christopher"]
[Result "1-0"]
[PlyCount "75"]
[EventDate "2007.06.30"]
[EventType "tourn"]
[EventRounds "13"]
[EventCountry "SWE"]
[Source "lmi"]
[SourceDate "2007.06.30"]
[WhiteElo "2357"]
[BlackElo "2053"]

1. e4 c5 2. Nf3 d6 3. d4 cxd4 4. Nxd4 Nf6 5. Nc3 e6 6. Be2 a6 7. a4 Be7 8. O-O
O-O 9. Be3 Nc6 10. f4 Qc7 11. Qe1 Bd7 12. Nb3 Nb4 13. Rc1 Bc6 14. Bf3 e5 15.
Qg3 Rfe8 16. fxe5 dxe5 17. Kh1 Rac8 18. a5 Bb5 19. Nxb5 axb5 20. Qf2 Qc4 21.
Be2 Qe6 22. Bxb5 Rf8 23. Qf3 Na2 24. Ra1 Rxc2 25. Nd2 Bb4 26. Qd1 Rfc8 27. Ba4
Rc1 28. Rxc1 Rxc1 29. Qe2 Bxd2 30. Bxd2 Rxf1+ 31. Qxf1 Nxe4 32. Be1 Qd5 33. Qf3
Qd4 34. Bc2 Nd6 35. a6 Qb6 36. axb7 Nxb7 37. Bb3 Nd6 38. Qa8+ 1-0

[Event "Suecia ch 2007 SM-gruppen"]
[Site "Stockholm SWE"]
[Date "2007.07.04"]
[Round "5"]
[White "Berg, Emanuel"]
[Black "Smith, Axel"]
[Result "1/2-1/2"]
[PlyCount "143"]
[EventDate "2007.06.30"]
[EventType "tourn"]
[EventRounds "13"]
[EventCountry "SWE"]
[Source "lmi"]
[SourceDate "2007.06.30"]
[WhiteElo "2581"]
[BlackElo "2284"]

1. e4 c5 2. Nf3 Nc6 3. d4 cxd4 4. Nxd4 Nf6 5. Nc3 e5 6. Ndb5 d6 7. Bg5 a6 8.
Na3 b5 9. Nd5 Be7 10. Bxf6 Bxf6 11. c3 Rb8 12. Nc2 Bg5 13. a4 bxa4 14. Ncb4 Bd7
15. Bxa6 Nxb4 16. cxb4 O-O 17. O-O Bc6 18. Rxa4 Bxa4 19. Qxa4 g6 20. b5 f5 21.
exf5 gxf5 22. Qb3 Kh8 23. b6 f4 24. Rc1 Qd7 25. Qd3 Bd8 26. b7 Rxb7 27. Bxb7
Qxb7 28. b4 f3 29. gxf3 Qg7+ 30. Kf1 Qh6 31. Rc6 Qxh2 32. Rxd6 Bh4 33. Qe3 Rc8
34. Qb6 e4 35. Ke2 exf3+ 36. Kd3 Qxf2 37. Qxf2 Bxf2 38. Rf6 Be1 39. Rxf3 Rd8
40. Ke4 Rxd5 41. Kxd5 Bxb4 42. Rg3 h5 43. Ke6 Kh7 44. Kf6 h4 45. Re3 Kh6 46.
Re4 Bc3+ 47. Kf5 Kh5 48. Re7 Bd2 49. Rd7 Bh6 50. Rd3 Bc1 51. Rd1 Bh6 52. Ke4
Kg5 53. Kf3 Kf5 54. Rd5+ Ke6 55. Rh5 Bg7 56. Ke4 Kd6 57. Rxh4 Kc6 58. Kd3 Be5
59. Kc4 Bg3 60. Rh6+ Kb7 61. Rg6 Bf4 62. Rf6 Bh2 63. Kc5 Bg1+ 64. Kb5 Bh2 65.
Rf7+ Ka8 66. Kb6 Bb8 67. Rf1 Be5 68. Rd1 Bf4 69. Re1 Bg3 70. Re2 Bf4 71. Re8+
Bb8 72. Rh8 1/2-1/2

[Event "Suecia ch 2007 SM-gruppen"]
[Site "Stockholm SWE"]
[Date "2007.07.04"]
[Round "5"]
[White "Carlsson, Pontus"]
[Black "Ong, Kezli"]
[Result "1/2-1/2"]
[PlyCount "71"]
[EventDate "2007.06.30"]
[EventType "tourn"]
[EventRounds "13"]
[EventCountry "SWE"]
[Source "lmi"]
[SourceDate "2007.06.30"]
[WhiteElo "2480"]
[BlackElo "2236"]

1. e4 e5 2. Nf3 Nc6 3. Bb5 a6 4. Ba4 Nf6 5. O-O Be7 6. Re1 b5 7. Bb3 d6 8. c3
O-O 9. h3 Bb7 10. d4 Re8 11. Nbd2 Bf8 12. a4 h6 13. Bc2 exd4 14. cxd4 Nb4 15.
Bb1 c5 16. d5 Nd7 17. Ra3 f5 18. Nh2 Nf6 19. Rf3 Re5 20. Rxf5 Rxf5 21. exf5
Bxd5 22. Ng4 Bf7 23. Ne4 Nxg4 24. Qxg4 d5 25. f6 dxe4 26. fxg7 Bxg7 27. Bxh6
Qf6 28. Qxe4 Bxh6 29. Qxa8+ Kg7 30. Re4 Bf4 31. Qc8 Nd5 32. g3 Qxb2 33. Qg4+
Kf8 34. Qc8+ Kg7 35. Qg4+ Kf8 36. Qc8+ 1/2-1/2

[Event "Suecia ch 2007 SM-gruppen"]
[Site "Stockholm SWE"]
[Date "2007.07.04"]
[Round "5"]
[White "Lindberg, Bengt"]
[Black "Akesson, Ralf"]
[Result "0-1"]
[PlyCount "124"]
[EventDate "2007.06.30"]
[EventType "tourn"]
[EventRounds "13"]
[EventCountry "SWE"]
[Source "lmi"]
[SourceDate "2007.06.30"]
[WhiteElo "2443"]
[BlackElo "2477"]

1. e4 c5 2. Nf3 e6 3. d4 cxd4 4. Nxd4 a6 5. Bd3 Nf6 6. O-O d6 7. c4 b6 8. Nc3
Bb7 9. Qe2 Nbd7 10. f4 g6 11. f5 Qe7 12. fxe6 fxe6 13. Bg5 Bg7 14. Rad1 O-O 15.
Bb1 Rf7 16. a3 Raf8 17. Ba2 h6 18. Bh4 Nc5 19. b4 g5 20. bxc5 bxc5 21. Bf2 cxd4
22. Bxd4 Nd7 23. Rxf7 Bxd4+ 24. Rxd4 Rxf7 25. Nd1 e5 26. Rd2 Nc5 27. Nf2 Kg7
28. Qd1 Bxe4 29. Rxd6 Bc2 30. Qd5 Rxf2 31. Qxc5 Rf6 32. Rc6 Qxc5+ 33. Rxc5 Bd3
34. g4 Rf1+ 35. Kg2 Ra1 36. Bb3 e4 37. Kf2 Rxa3 38. Bd1 Ra1 39. Bb3 Ra3 40. Bd1
a5 41. Ke3 Ra1 42. Kd2 Kf6 43. Rc8 Ke5 44. Re8+ Kd4 45. Rd8+ Kxc4 46. Rc8+ Kd4
47. Rd8+ Ke5 48. Re8+ Kd6 49. Ra8 Bb5 50. Rd8+ Ke5 51. Bb3 Kf4 52. Rf8+ Kxg4
53. Be6+ Kh5 54. Bf7+ Kh4 55. Rh8 Ra3 56. Rxh6+ Kg4 57. Bh5+ Kf4 58. Rf6+ Ke5
59. Rb6 e3+ 60. Kc1 Bc4 61. Rb8 Kd4 62. Re8 Ra1+ 0-1